000 00869ncm a22002415a 4500
001 C00011458c
005 20241029143125.0
008 950809s1891 ddrmtb n 1 ger d
080 _a785.74:787.1/.3
100 1 _aMozart, Wolfgang Amadeus (
_d1756-1791)
_91279
245 1 0 _aQuartett nº 3 Es-dur
_b: für 2 Violinen, Viola und Viloncell /
_cvon W.A. Mozart.
254 _a[Kleine Partitur].
260 _aLeipzip :
_bErnst Eulenburg,
_c[d. 1891]
300 _aPartitura (22 p.) ;
_c19 cm.
490 0 _aPayne´s Kleine Partitur Ausgabe. Kammermusik ;
_v33
500 _aN. pl. : E.E. 1133.
500 _aFecha de publicación tomada de "The new Grove dictionary of music and musicians", vol. 6, Stanley Sadie 1980.
500 _aLegado Pérez Casas.
650 1 4 _aCuartetos de Cuerda.
_96738
852 4 _jM-2371
999 _c11250
_d11250